Регионална библиотека "Любен Каравелов" - Русе

Икони от самоковски майстори (Запис номер 375792)

MARC детайли
000 -Лидер
Контролно поле с фиксирана дължина nkm a22 7a 4500
003 - Код на организацията, давaща контролен номер
Контролно поле BLK
005 - Дата и час на последна редакция
Контролно поле 20200717160440.0
008 - Елементи от данни с фиксирана дължина
fixed length control field 200717b bu ||||| |||| r0| 0 bu d
040 ## - Източник на каталожния запис
Идентификатор на билиотеката - собственик на записа BLK
041 ## - Код за език
Код за езика на текст/звукозапис или на отделно заглавие Български
Код за езика КДБФ Български
041 ## - Код за език
Код за езика на текст/звукозапис или на отделно заглавие Български
Код за езика КДБФ Руски
080 ## - УДК
Текстов определител УДК Религиозна живопис
УДК код - определител по УДК 75.046
УДК определител .026.2(497.22-21)(084.1)
УДК - код + определител 75.046.026.2(497.22-21)(084.1)
100 1# - Редна дума - Автор
R(LIN) 112876
Автор Прашков, Любен Петров
Авторска отговорност първи автор
139 ## - Редно поле
Редна дума Прашков, Любен Петров
245 ## - Сведения за заглавието
Заглавие Икони от самоковски майстори
Подзаглавни данни Изобразителен материал : комплект репрод.
Редно поле (дума) Любен Прашков ; текст Теофана Матакиева ; ред. Арон Кисиленко
257 ## - Страна на издаване
Страна на създаване/издаване България
260 ## - Област на издателските данни
9 (RLIN) 210539
Място на издаване, разпространение и проч. София
Име на издателя, разпространителя и проч. Септември
Година на издаване 1981
300 ## - Физическа характеристика
Страници 1 папка (12 с. текст, 9 отд. цв. л. репрод.)
Размери/Мащаб 15 х 11 см
380 ## - Жанр
Жанр Изкуство
500 ## - Общи забележки
Забележка Парал. текст на рус., фр., нем., англ.<br/>Възприета форма на името на Теофана Матакиева е Теофана Матакиева-Лилкова<br/>В библиогр. каре погрешно означено 3. изд.
650 #0 - Допълнително описание по предмет – тема
9 (RLIN) 351287
Основно описание – тема или топоним Икони, български - албуми
653 #0 - Ключова дума – ненормативна
Ключова дума снимкови албуми
9 (RLIN) 401783
700 ## - Други автори (авторска отговорност)
Лично име Матакиева-Лилкова, Теофана
Автороска отговорност (Описва отношението между автора и произведението) текст
9 (RLIN) 419125
700 ## - Други автори (авторска отговорност)
Лично име Кисиленко, Арон Израел
Автороска отговорност (Описва отношението между автора и произведението) ред.
9 (RLIN) 419142
852 ## - Местоположение
Фондова буква Хранилище
Форматна сигнатура Цб І 38660
999 ## - СИСТЕМНИ КОНТРОЛНИ НОМЕРА
Koha biblionumber 375792
Koha biblioitemnumber 375792
942 ## - АРТИКУЛИ
Вид на библиотечния материал Графични издания
Скрит в OPAC Не
Периодичен библиозапис Да
944 ## - СЪЗДАВАНЕ И РЕДАКЦИЯ на ЗАПИСА
Създаване/Редакция Създаване
Дата на регистрацията/редакция 2020-07-17
Служител, извършил регистрацията/редакцията НР
Наличности
Код за отписване Код за изгубен артикул Източник на класификационната схема Код за повреда Коз за рестрикции Код за отдаване Артикулен № Име на библиотеката - собственик Име на библиотеката, в която се намира в момента Статус (Текущо местоположение) Дата на вписване в системата Местоположение - отдел Цена в лева Инвентарен номер Систематично азбучна сигнатура Баркод Цена в евро Служебен тип на артикула
  Не е изгубен Universal Decimal Classification Не е повреден без рестрикции ползва се в читалня 784919 Регионална библиотека "Любен Каравелов" Русе Регионална библиотека "Любен Каравелов" Русе Хранилище 2020-07-21 Хранилище 1.80 327059 Цб І 38660 120000327059 0.92 Графични издания
Vip Innovations Ltd, Rousse, Bulgaria 2025